BFDI Contestants: Blitz - Statistics

General Stats
  • This quiz has been taken 40 times
  • The average score is 26 of 66
Answer Stats
Number Answer % Correct
23 Firey
89%
33 Leafy
81%
43 Pen
81%
47 Pin
81%
60 Tennis Ball
81%
25 Flower
74%
7 Blocky
67%
12 Bubble
67%
44 Pencil
67%
30 Golf Ball
63%
55 Snowball
59%
6 Black Hole
56%
32 Ice Cube
56%
52 Rocky
56%
21 Eraser
52%
39 Match
52%
2 Balloony
48%
9 Book
48%
16 Coiny
48%
53 Ruby
48%
17 David
44%
22 Fanny
44%
59 Teardrop
44%
61 Tree
44%
65 Winner
44%
3 Barf Bag
41%
29 Gelatin
41%
48 Puffball
41%
64 Yellow Face
41%
1 8-Ball
37%
18 Donut
37%
19 Dora
37%
37 Loser
37%
4 Basketball
33%
5 Bell
33%
14 Clock
33%
34 Lightning
33%
41 Needle
33%
46 Pillow
33%
66 Price Tag
33%
56 Spongy
33%
63 Woody
33%
8 Bomby
30%
10 Bottle
30%
13 Cake
30%
36 Lollipop
30%
42 Nickel
30%
45 Pie
30%
49 Remote
30%
15 Cloudy
26%
38 Marker
26%
27 Fries
22%
35 Liy
22%
40 Naily
22%
62 TV
22%
11 Bracelety
19%
20 Eggy
19%
24 Firey Jr.
19%
28 Gaty
19%
31 Grassy
19%
50 Robot Flower
19%
51 Roboty
19%
57 Stapy
19%
58 Taco
19%
26 Foldy
15%
54 Saw
11%
No matching quizzes found
Score Distribution
Percent of People with Each Score
Percentile by Number Answered
Your Score History
You have not taken this quiz